Κατάλογος Βιβλιοθηκών Mediterranean College

History and Class Consciousness / Studies in Marxist Dialectics (Record no. 364)

MARC details
000 -LEADER
fixed length control field 01170cam a22001934a 4500
005 - ΗΜΕΡΟΜΗΝΙΑ ΚΑΙ ΩΡΑ ΤΕΛΕΥΤΑΙΑΣ ΕΝΗΜΕΡΩΣΗΣ
Πεδίο ελέγχου 20250605163932.0
008 - FIXED-LENGTH DATA ELEMENTS--GENERAL INFORMATION
Πεδίο ελέγχου σταθερού μήκους 250528s ||||||||||||||||||||||||d
035 ## - SYSTEM CONTROL NUMBER
System control number 14744
020 ## - ISBN
ISBN 262620200
040 ## - ΠΗΓΗ ΚΑΤΑΛΟΓΟΓΡΑΦΗΣΗΣ
Φορέας πρωτότυπης καταλογογράφησης MC Athens Campus Library
Γλώσσα καταλογογράφησης Ελληνικά, Μοντέρνα (1453-)
Modifying agency MC Athens Campus Library
Κανόνες περιγραφικής καταλογογράφησης AACR2
245 1# - ΤΙΤΛΟΣ ΚΑΙ ΔΗΛΩΣΗ ΥΠΕΥΘΥΝΟΤΗΤΑΣ
Τίτλος History and Class Consciousness / Studies in Marxist Dialectics
260 ## - PUBLICATION, DISTRIBUTION, ETC.
Name of publisher, distributor, etc. The MIT Press,
Date of publication, distribution, etc. 1968
300 ## - PHYSICAL DESCRIPTION
Extent 360
520 ## - SUMMARY, ETC.
Summary, etc. In this book the writer reveals himself as by far and away the most talented philosopher among 20th-century Marxists, and as their most penetrating critic of contemporary culture. Translator's Note, Preface, What is Orthodox Marxism?, The Marxism of Rosa Luxemburg, Class Consciousness, Reification and the Consciousness of the Proletariat, The Phenomenon of Reification, The Antinomies of Bourgeois Thought, The Standpoint of the Proletariat, The Changing Function of Historical Materialism, Legality and Illegality, Critical Observations on Rosa Luxemburg's ''Critique of the Russian Revolution'', Towards a Methodology of the Problem of Organization, Notes to the English Edition, Index.
700 1# - ΠΡΟΣΘΕΤΗ ΑΝΑΓΡΑΦΗ--ΦΥΣΙΚΟ ΠΡΟΣΩΠΟ
Personal name Lukacs Georg
9 (RLIN) 498
942 ## - ADDED ENTRY ELEMENTS (KOHA)
Koha item type Books
Holdings
Τύπος τεκμηρίου Βιβλιοθήκη Τρέχουσα τοποθεσία Barcode Αριθμός εισαγωγής Ημερομηνία απόκτησης Ταξιθετικό σύμβολο Αριθμός αντιτύπου Κατάσταση απόσυρσης Κατάσταση χαμένου Κατάσταση κατεστραμμένου Μη δανεισμός Σύνολο δανεισμών Ημερομηνία τελευταίας εμφάνισης Η τιμή ισχύει από
Books MC Athens Campus Library MC Athens Campus Library 9780000003638 4377 05/06/2025 190 LUK 1           05/06/2025 05/06/2025

MC Athens Campus Library
Πατησίων 94 & Κοδριγκτώνος 13, 104 34
Πελλήνης 8 & Πατησίων 107, 112 51
Τ: +30 210 8899600

MC Thessaloniki Campus Library
Ίωνος Δραγούμη 21, 54625 | Ίωνος Δραγούμη 15, 54625
Τ: +30 2310 287779 – Τ: +30 2314 440300